| 000 | 00593nam a2200157Ia 4500 | ||
|---|---|---|---|
| 008 | 191001s9999 xx 000 0 und d | ||
| 020 | _a9781975100643 | ||
| 100 | _aEngelkirk, Paul G. | ||
| 245 |
_cPaul G. Engelkirk, Janet Duben-Engelkirk, Robert C. Fader.-- _aBurton's microbiology for the health sciences / |
||
| 250 | _a11th | ||
| 260 |
_aPhiladelphia : _bWolters Kluwer _c2019 |
||
| 300 |
_axv, 477 pages ; _bcollor illustrations _c28 cm |
||
| 500 | _aIncludes bibliographical references and index. | ||
| 650 | _aCommunicable Diseases--microbiology | ||
| 650 | _aMicrobiological Phenomena | ||
| 999 |
_c362237 _d362237 |
||